000 00609nam a22002057a 4500
005 20241213112854.0
010 _aENG-1422989
020 _a9788197775772
_c150.00
035 _aEN-126521
037 _bDBAD
082 _aS
100 _aCaravella, Miriam
_975126
245 _aStories From the Heart/
_cBy Miriam Caravella [and] Wayne Caravella
250 _a1
260 _aNew Delhi
_bScience of the Soul Research Center
_c2024
270 _b New Delhi
_e110005
_a5 Guru Ravi Dass Marg, Pusa Road,
300 _a215p.
_c21cm.(Pb)
650 _aVegetarian cookery
_975127
942 _2ddc
_cEN
_mCAR
_hS
999 _c207669
_d207669